000
00485nam a2200181Ia 4500
008
090123s9999 xx 000 0 und d
082
_b
990
100
_a
चोरघडे वामन
245
_a
नागवेल
250
_a
1
260
_b
कुलकर्णी अ.अ.
300
_a
99
600
_a
चोरघडे वामन
630
_a
नागवेल
700
_a
चोरघडे वामन
730
_a
नागवेल
942
_c
BOOK
999
_c
39075
_d
39075